000 01603nam a22004337a 4500
001 000095893
003 CHAP
005 20220329143128.0
008 010920d2006 mx a r 00110 spa d
010 _a92359
011 _a93331
035 _a103903
040 _cCHAP
090 _aTesis
100 1 _aCruz Galindo, Edén.
_929381
245 1 0 _aCaracterización de fenotipos sobresalientes de ciruela mexicana (Spondias purpurea L. ) /
_c/por Edén Cruz Galindo.
260 _aChapingo, Méx. :
_bEl autor,
_c2006.
300 _a38 h. :
_bilus.; gráfs.; cuadros.
502 _aTesis (Ing. Agroindustrial) - - UACH. Departamento de Ingeniería Agroindustrial
590 _aALEPH
_b10
_c20130110
_lUCH01
_h1512
590 _aBATCH-UPD
_b10
_c20130110
_lUCH01
_h0500
590 _aBATCH-UPD
_b10
_c20130110
_lUCH01
_h2321
590 _aBATCH-UPD
_b10
_c20130410
_lUCH01
_h0138
590 _aBATCH-UPD
_b10
_c20130914
_lUCH01
_h0941
590 _aBATCH-UPD
_b10
_c20140324
_lUCH01
_h1457
590 _aBATCH-UPD
_b10
_c20141002
_lUCH01
_h0830
590 _aCONVERSION
_b10
_c20130109
_lUCH01
_h1351
590 _aE5765TAJ
_b10
_c20130606
_lUCH01
_h1157
650 1 4 _aCiruela
_xFisiología y morfología.
_923409
650 1 4 _aCiruela
_xTecnología postcosecha.
_923426
650 1 4 _aCiruela
_xVariedades.
_923427
856 _3Finding aid
_uhttp://10.13.5.2/tesis/103903.pdf
_zTeclea aquí
901 _aBK
905 _aElisama A. H.
942 _cCD
942 _n0
949 _aTesis
_bBC
_cTES
_d00000000103903
_eTS1
_h45421
_i103903
_sb
949 _aTesis
_bBC
_cTES
_d33724000877403
_eTS2
_fc.2
_h45422
_i103903
_si
999 _c92359
_d92359